Information Systems Management in Practice (Record no. 8090)
[ view plain ]
| 000 -LEADER | |
|---|---|
| fixed length control field | 00569nam a22001817a 4500 |
| 005 - DATE AND TIME OF LATEST TRANSACTION | |
| control field | 20251105165550.0 |
| 008 - FIXED-LENGTH DATA ELEMENTS--GENERAL INFORMATION | |
| fixed length control field | 251105b |||||||| |||| 00| 0 eng d |
| 020 ## - INTERNATIONAL STANDARD BOOK NUMBER | |
| International Standard Book Number | 9780132437158 |
| 050 ## - LIBRARY OF CONGRESS CALL NUMBER | |
| Classification number | T58.54.154 MCN |
| 100 ## - MAIN ENTRY--PERSONAL NAME | |
| Personal name | McNurlin, Barbara C. |
| 245 ## - TITLE STATEMENT | |
| Title | Information Systems Management in Practice |
| Statement of responsibility, etc. | Barbara C. McNurlin, Ralph H. Sprague & Tung Bui |
| 250 ## - EDITION STATEMENT | |
| Edition statement | 8th ed. |
| 260 ## - PUBLICATION, DISTRIBUTION, ETC. | |
| Place of publication, distribution, etc. | Upper Saddle River, New Jersey |
| Name of publisher, distributor, etc. | Prentice Hall |
| Date of publication, distribution, etc. | 2009 |
| 300 ## - PHYSICAL DESCRIPTION | |
| Extent | xxx. 597p. |
| Other physical details | ill. |
| Dimensions | 24cm |
| 700 ## - ADDED ENTRY--PERSONAL NAME | |
| Personal name | Sprague, Ralph H. |
| 700 ## - ADDED ENTRY--PERSONAL NAME | |
| Personal name | Bui, Tung |
| 942 ## - ADDED ENTRY ELEMENTS (KOHA) | |
| Source of classification or shelving scheme | Library of Congress Classification |
| Koha item type | Books |
| Edition | 8th ed. |
| Suppress in OPAC | No |
| 999 ## - | |
| -- | 8090 |
| -- | 8090 |
| Withdrawn status | Lost status | Source of classification or shelving scheme | Damaged status | Not for loan | Collection | Home library | Current library | Shelving location | Date acquired | Total checkouts | Full call number | Barcode | Date last seen | Copy number | Price effective from | Koha item type |
|---|---|---|---|---|---|---|---|---|---|---|---|---|---|---|---|---|
| Library of Congress Classification | Non-fiction | Science Library (Miotso) | Science Library (Miotso) | General stacks | 11/05/2025 | T58.54.154 MCN | SLM00005426 | 11/05/2025 | 1 | 11/05/2025 | Books |